Rimas / (Record no. 157544)

MARC details
000 -LEADER
campo de control de longitud fija 01060nam a2200241 i 4500
001 - NÚMERO DE CONTROL
campo de control 157544
003 - IDENTIFICADOR DE NÚMERO DE CONTROL
campo de control ES-MaACL
005 - FECHA Y HORA DE LA ÚLTIMA TRANSACCIÓN
campo de control 20250828143956.0
008 - DATOS DE LONGITUD FIJA--INFORMACIÓN GENERAL
campo de control de longitud fija 951120m18041805sp |||| | spa d
040 ## - FUENTE DE CATALOGACIÓN
Centro catalogador/agencia de origen EUS
Lengua de catalogación spa
Centro/agencia transcriptor EUS
100 1# - ENTRADA PRINCIPAL--NOMBRE DE PERSONA
Nombre de persona Leonardo de Argensola, Lupercio,
Fechas asociadas al nombre 1559-1613
9 (RLIN) 128881
245 10 - MENCIÓN DEL TÍTULO
Título Rimas /
Mención de responsabilidad, etc. de Lupercio Leonardo Argensola. [Rimas / de Bartolomé Leonardo de Argensola ; [publicados por Ramón Fernández].
260 ## - PUBLICACIÓN, DISTRIBUCIÓN, ETC.
Lugar de publicación, distribución, etc. Madrid :
Nombre del editor, distribuidor, etc. Imprenta Real,
Fecha de publicación, distribución, etc. 1804-1805.
300 ## - DESCRIPCIÓN FÍSICA
Extensión 3 t. en 1 vol. (168, 224, 212 p.) ;
Dimensiones 18 cm.
500 ## - NOTA GENERAL
Nota general Indices.
500 ## - NOTA GENERAL
Nota general Palau t.III señala que Ramón Fernández es seudónimo de Pedro Estala.
594 ## - Nota al título y mención de responsabilidad
Nota al título y mención de responsabilidad En los t. II-III consta en la port. el nombre de Bartolomé Leonardo de Argnesola.
596 ## - NOTA AL PIE DE IMPRENTA
NOTA AL PIE DE IMPRENTA Los tomos II-III publicados en 1805.
700 1# - ENTRADA AGREGADA--NOMBRE PERSONAL
Nombre de persona Leonardo de Argensola, Bartolomé,
Fechas asociadas al nombre 1562-1631
9 (RLIN) 71674
700 1# - ENTRADA AGREGADA--NOMBRE PERSONAL
Nombre de persona Estala, Pedro,
Fechas asociadas al nombre 1757-1815
9 (RLIN) 48003
852 ## - LOCALIZACIÓN
Ubicación ES-MaACL
Número de control de estantería R-3104-12
Encuadernación Olim:G-13256-64
Nota libre -- Enc. hol.
-- -- Enc. 3 t. en 1 v.
Holdings
Estatus retirado Estado de pérdida Estado de daño No para préstamo Colección Biblioteca de origen Biblioteca actual Ubicación en estantería Fecha de adquisición Total de préstamos Signatura topográfica completa Código de barras Visto por última vez Precio de reemplazo Tipo de ítem Koha
        Libros del s. XIX Biblioteca del Ateneo de Madrid Biblioteca del Ateneo de Madrid Depósito 17/01/2008   R-3104-12 1164865 23/02/2023 23/02/2023 Libro impreso antiguo